| 000 | 00573nam a2200205Ia 4500 | ||
|---|---|---|---|
| 005 | 20250923150033.0 | ||
| 008 | 008 250917s9999 xx 000 0 eng d | ||
| 037 | _aTextual | ||
| 040 |
_aDSWL _beng _cDSWL |
||
| 041 |
_aeng _2eng |
||
| 084 |
_aY15:4X2, N99 _qDSWL |
||
| 100 |
_aKishwar, Madhu _9841535 |
||
| 245 | 0 |
_aOff the beaten track : Rethinking gender justice _c by Madhu Kishwar |
|
| 260 |
_aNew Delhi _bOxford _c1999 |
||
| 300 | _a290 p. | ||
| 365 |
_aINR _b495 |
||
| 925 | _g495 | ||
| 942 |
_cTEXL _hY15:4X2, N99 |
||
| 999 |
_c1458826 _d1458826 |
||